| 000 | 00543nam a2200157Ia 4500 | ||
|---|---|---|---|
| 003 | GCL | ||
| 008 | 140319s9999 xx 000 0 ara d | ||
| 040 |
_aGCL / _cGCL |
||
| 082 | 0 | 4 |
_a811.01 _bم غ |
| 100 | 1 | _aمحمد سامى الدهان | |
| 245 | 1 | 0 |
_aالغزل: منذ نشاتة حتى صدر الدولة العباسية / _cمحمد سامى الدهان |
| 260 |
_a[S.N] : _bدار المعارف |
||
| 490 |
_aفنون الادب العربى, الفن الغنائى _v0 |
||
| 650 | 0 | 4 | _aالشعر الغزلى |
| 942 |
_2ddc _cBK |
||
| 999 |
_c40491 _d40491 |
||